000 00432nam a2200157Ia 4500
008 160316s2000 xxu||||| |||| 00| 0 eng d
082 _a346.017200
_bUNI
100 _a
245 _aConcluding observations of the committee on the rights of the child
250 _a
260 _a
_bUnited Nations
_c2000
300 _a15
_b
_c
365 _b
650 _a1. child rights 2. convention on the rights of the child
700 _a
_a
999 _c33593
_d33593